Coparticipación federal de impuestos (Registro nro. 6278)

Detalles MARC
000 -LEADER
fixed length control field 01876 a2200217 4500
001 - CONTROL NUMBER
control field 57766
005 - DATE AND TIME OF LATEST TRANSACTION
control field 20260407155837.0
008 - FIXED-LENGTH DATA ELEMENTS--GENERAL INFORMATION
fixed length control field 260407a1998 arg spa d
003 - CONTROL NUMBER IDENTIFIER
control field AR-UNSa-BCEJYS
040 ## - CATALOGING SOURCE
Original cataloging agency AR-UNSa-BCEJYS
Language of cataloging spa
Transcribing agency AR-UNSa-BCEJYS
080 ## - UNIVERSAL DECIMAL CLASSIFICATION NUMBER
Universal Decimal Classification number 336.2:323.17
Common auxiliary subdivision Federalismo Fiscal
041 ## - LANGUAGE CODE
Language code of text/sound track or separate title spa
100 1# - MAIN ENTRY--PERSONAL NAME
Personal name Cafferata Nores, José Ignacio
245 10 - TITLE STATEMENT
Title Coparticipación federal de impuestos
Name of part/section of a work Del federalismo coercitivo al federalismo de concertación
264 #1 - PRODUCTION, PUBLICATION, DISTRIBUTION, MANUFACTURE, AND COPYRIGHT NOTICE
Place of production, publication, distribution, manufacture Buenos Aires :
Name of producer, publisher, distributor, manufacturer [s.n.]
Date of production, publication, distribution, manufacture, or copyright notice 1998
300 ## - PHYSICAL DESCRIPTION
Extent 254 p.
Dimensions 21 cm.
505 ## - FORMATTED CONTENTS NOTE
Formatted contents note Parte I. Capítulos: 1. Gastos y recursos del Sector Público – 2. Conceptos básicos de coparticipación federal de impuestos – 3. Masa coparticipable – 4. Distribución primaria – 5. Distribución secundaria – 6. Fondos de recursos con destinos especiales – 7. La perspectiva de la Provincia de Córdoba – Parte II. Proyectos de ley: 1. Financiamiento por la Nación del costo de la transferencia de servicios educativos, de salud y sociales a las Provincias – 2. Compensación a las Provincias que no han transferido sus cajas de jubilaciones y pensiones por soportar el déficit de las cajas de jubilaciones y pensiones provinciales efectivamente transferidas – 3. Eliminación del Fondo del Conurbano Bonaerense y reformulación de la distribución de los recursos del impuesto a las ganancias que se asignan al Fondo del Conurbano Bonaerense, al excedente del Fondo del Conurbano Bonaerense y según el índice de necesidades básicas insatisfechas – 4. Distribución equitativa del Fondo Nacional de la Vivienda - 5. Reducción de los recursos asignados al Fondo de los Aportes del Tesoro Nacional a las Provincias - 6. Proyecto de ley de coparticipación federal de impuestos - Parte III. Anexos
590 ## - LOCAL NOTE (RLIN)
Local note niveau_biblio:m niveau_hierar:0
700 1# - ADDED ENTRY--PERSONAL NAME
Personal name Porto, Natalia
942 ## - ADDED ENTRY ELEMENTS (KOHA)
Koha item type
Existencias
Withdrawn status Lost status Damaged status Not for loan Home library Current library Shelving location Date acquired Total checkouts Full call number Barcode Date last seen Price effective from Koha item type
        Biblioteca Prof. Eusebio Cleto del Rey Biblioteca Prof. Eusebio Cleto del Rey   07/04/2026   336.2:323.17 C129 L128860 07/04/2026 07/04/2026 Libro